Cross-cultural approaches to adoption
Αποθηκεύτηκε σε:
| Άλλοι συγγραφείς: | |
|---|---|
| Μορφή: | Βιβλίο |
| Γλώσσα: | English |
| Δημοσίευση: |
London; Oxford :
Routledge,
c2004
|
| Σειρά: | European Association of Social Anthropologists
|
| Θέματα: | |
| Ετικέτες: |
Προσθήκη ετικέτας
Δεν υπάρχουν, Καταχωρήστε ετικέτα πρώτοι!
|
MARC
| LEADER | 00000nam a2200000 i 4500 | ||
|---|---|---|---|
| 001 | 1/75903 | ||
| 008 | 050509s2004 eng d | ||
| 020 | |a 0-415-30351-6 | ||
| 035 | |l 10077832 | ||
| 040 | |a GR-MY-UA |b gre |e aacr | ||
| 041 | 0 | |a eng | |
| 082 | 0 | |a 362.734 |2 (21) | |
| 245 | 1 | 0 | |a Cross-cultural approaches to adoption / |c edited by Fiona Bowie |
| 260 | |a London; Oxford : |b Routledge, |c c2004 | ||
| 300 | |a xviii, 278 σ.; |b εικ.; |c 23 εκ. | ||
| 490 | 1 | |a European Association of Social Anthropologists | |
| 504 | |a Περιέχει βιβλιογραφία και ευρετήριο | ||
| 650 | 0 | 0 | |a Adoption |x Cross-cultural studies. |
| 650 | 0 | 0 | |a Kinship |x Cross-cultural studies. |
| 650 | 0 | 0 | |a Family |x Cross-cultural studies. |
| 700 | 1 | |a Bowie, Fiona. |4 edt | |
| 830 | 0 | |a European Association of Social Anthropologists | |
| 852 | |a INST |b LESVOS |e 20050509 |h 362.734 CRO |p 005100027703 |q 005100027703 |t BK |y 0 | ||
| 901 | |a BIBL1-2005-2 | ||
| 909 | |a Λ |b 120909 | ||
| 922 | |a 1ΕΛΗ |b 200411 |c ΕΠΕΑΕΚ2/ΤΚΑ |d ΜΙΧΑΛΟΠΟΥΛΟΣ | ||
| 950 | |a 117-2004-09-23 | ||
| 970 | |a ΚΑΡΑ |b ΓΙΑΣΕΜΗ |z 2005/05/16 | ||